Inorganic energetics

Bibliographic Details
Main Author: Dasent, W. E
Format: Section = Libro
Language:Undetermined
Spanish
Published: Australia Penguin Books 1970
Subjects:
LEADER 00490nam a2200193Ia 4500
008 240830s9999 xx 000 0 und d
040 |a CEDOC FIQ-RUSB / 546 D229 
041 |a spa 
082 |a 546 D229 
100 1 |a Dasent, W. E 
245 1 0 |a Inorganic energetics 
260 |a Australia  |b Penguin Books  |c 1970 
300 |a 165 p. :il. 
650 7 |a QUÍMICA INORGÁNICA 
650 7 |b  ÁTOMOS DE GAS-FASE 
650 7 |c  ENERGÍA RETICULAR 
942 |c BK  |2 ddc 
991 |a TEXTO 
999 |c 13048